| 000 | 01081nam a22001697a 4500 | ||
|---|---|---|---|
| 003 | NUST | ||
| 020 | _a0070636923 | ||
| 082 | _a621.384,SMI | ||
| 100 |
_aSmith, Clint _997284 |
||
| 245 |
_a3G Wirless Networks / _cClint Smith, Daniel Collins |
||
| 250 | _a2nd Edition | ||
| 260 |
_aMcGraw Hill Education _bIndia _c2007 |
||
| 300 | _axxiv, 695 p | ||
| 505 | _aIntroduction (Page-1), First Generation (1G) Analog (Page-25), Second Generation (2G) (Page-41), Third Generation (3G) Overview (Page-119), The Evolution Generation (2.5G) (Page-151), Universal Mobile Telecommunications (Page-197), CDMA2000 (Page-255), TD-SCDMA (Page-303), TD-CDMA (Page-319), Voice over IP (VoIP) Technology (Page-335), Broadband (Page-375), 3G System RF Design Considerations (Page-391), Network Design Considerations (Page-437), Antenna System Selection (Page-477), UMTS System Design (Page-493), CDMA2000 System Design (Page-525), TD CDMA an d TD SCDMA System Desitn (Page-581), Communication Sites (Page-599), 4G and Beyond (Page-639). | ||
| 650 |
_aWirless Networks _9105504 |
||
| 942 |
_2ddc _cBK |
||
| 999 |
_c592761 _d592761 |
||